Fr. Conceicao Rodrigues College of Engineering

Android in action (Record no. 20467)

MARC details
000 -LEADER
fixed length control field 00370nam a2200181Ia 4500
082 ## - DEWEY DECIMAL CLASSIFICATION NUMBER
Classification number 5.133
Item number ABL
100 ## - MAIN ENTRY--PERSONAL NAME
Personal name Ableson/Frank W/ Sen Robi
250 ## - EDITION STATEMENT
Edition statement 3
245 ## - TITLE STATEMENT
Title Android in action
260 ## - PUBLICATION, DISTRIBUTION, ETC.
Name of publisher, distributor, etc. Dreamtech
Date of publication, distribution, etc. 2012
366 ## - TRADE AVAILABILITY INFORMATION
Publishers's discount category 27
300 ## - PHYSICAL DESCRIPTION
Extent 632
546 ## - LANGUAGE NOTE
Language note ENGLISH
-- electronics
650 ## - SUBJECT ADDED ENTRY--TOPICAL TERM
Topical term or geographic name entry element Android
654 ## - SUBJECT ADDED ENTRY--FACETED TOPICAL TERMS
Focus term android
942 ## - ADDED ENTRY ELEMENTS (KOHA)
Koha item type BOOK
Holdings
Withdrawn status Lost status Damaged status Not for loan Collection Home library Current library Date acquired Source of acquisition Cost, normal purchase price Inventory number Total Checkouts Full call number Barcode Date last seen Cost, replacement price Price effective from Koha item type
        CRC Fr. Agnel's C.Rodrigues College of Engineering Fr. Agnel's C.Rodrigues College of Engineering 17/03/2023 Allied Publishers 437.27 959 dt 13.10.2014   5.133 ABL 23583 11/02/2025 599.00   BOOK
        CRC Fr. Agnel's C.Rodrigues College of Engineering Fr. Agnel's C.Rodrigues College of Engineering 17/03/2023 Allied Publishers 437.27 959 dt 13.10.2014   5.133 ABL 23584 17/03/2023 599.00   BOOK
        CRC Fr. Agnel's C.Rodrigues College of Engineering Fr. Agnel's C.Rodrigues College of Engineering 17/03/2023 Allied Publishers 437.27 959 dt 13.10.2014   5.133 ABL 23585 17/03/2023 599.00   BOOK
        CRC Fr. Agnel's C.Rodrigues College of Engineering Fr. Agnel's C.Rodrigues College of Engineering 17/03/2023 Allied Publishers 437.27 959 dt 13.10.2014   5.133 ABL 23586 17/03/2023 599.00   BOOK
        CRC Fr. Agnel's C.Rodrigues College of Engineering Fr. Agnel's C.Rodrigues College of Engineering 17/03/2023 Allied Publishers 437.27 959 dt 13.10.2014   5.133 ABL 23587 17/03/2023 599.00   BOOK